00696nam a2200241 a 4500001001300000003000900013005001700022008004100039020001000080082001600090100002600106245002300132260003700155300000900192500003500201505002700236650002300263700002600286902000800312942000700320952011200327999001500439nice12345678IN_TiNIC20260116011508.0050524s1967 laha grp 000 0 eng  ac4.500a492.75bRAF aRafiullah, Abu Shahab aArabi Khud Sikhiye aLahorebIdara Tulu-E-Islamc1967 a352p aincludes index and biblioraphy2 aAppendix, Bibliography aArabic-Course Book1 aRafiullah, Abu Shahab bSRS cBK 001040708StackRoom-aHMIbHMId2005-05-24g4.50l0o492.75 RAFp03359r2005-05-24v4.50w2005-05-24yBK c2039d2039